logo

Bir Sreshtho Munshi Abdur Rouf Library
Jhenaidah Cadet College

Teach Yourself Arabic / (Record no. 12441)

MARC details
000 -LEADER
fixed length control field 00578nam a2200229 a 4500
001 - CONTROL NUMBER
JCCL Control Number 12441
003 - CONTROL NUMBER IDENTIFIER
JCCL marc code BD-JhCC
005 - DATE AND TIME OF LATEST TRANSACTION
control field 20220803134024.0
008 - FIXED-LENGTH DATA ELEMENTS--GENERAL INFORMATION
fixed length control field 220216b20062021ii |||| ||a| 000 0 eng d
020 ## - INTERNATIONAL STANDARD BOOK NUMBER
International Standard Book Number 9788178982267
035 ## - SYSTEM CONTROL NUMBER
system control number (BD-JhCC)12441
040 ## - CATALOGING SOURCE
Original cataloging agency BD-JhCC
Modifying agency BD-JhCC
041 ## - LANGUAGE CODE
Language code of Book english,Arabic
082 ## - DEWEY DECIMAL CLASSIFICATION NUMBER
Classification number 492.782421
Author mark and Year RAH 2021
100 ## - MAIN ENTRY--PERSONAL NAME
Personal name Rahman,S.A
245 ## - TITLE STATEMENT
Title Teach Yourself Arabic /
Statement of responsibility, etc S.A.Rahman.
260 ## - PUBLICATION, DISTRIBUTION, ETC. (IMPRINT)
Place of publication, distribution, etc India:
Name of publisher, distributor, etc Goodword;
Date of publication, distribution, etc 2021.
300 ## - PHYSICAL DESCRIPTION
Pagination 414 p. :
Dimensions 20 cm.
650 ## - SUBJECT ADDED ENTRY--TOPICAL TERM
Topical term or geographic name as entry element Arabic Language--Grammar
942 ## - ADDED ENTRY ELEMENTS (KOHA)
Source of classification or shelving scheme Dewey Decimal Classification
Koha item type Books
Koha issues (borrowed), all copies 4
Holdings
Source of classification or shelving scheme Damaged status Not for loan Home library Current library Shelving location Date of accession Cost, normal purchase price Total Checkouts Full call number Barcode Date last seen Date checked out Copy number Koha item type
Dewey Decimal Classification     JCC Rouf Library JCC Rouf Library General Stacks 06/10/2021 405.00 4 492.782421 RAH 2021 16898 03/03/2024 10/23/2023 C-1 Books

JCC Library | Contacts | JCC Home

Last Update on 23 September 2017
Copyright @ 2017-2020 JCC Rouf Library
Rouf Library, Jhenidah Cadet College (JCC), Bangladesh